00323pab a2200121 454500008004000000100002600040245005700066260000900123300001300132362001100145650001100156773003400167180718b2010 xxu||||| |||| 00| 0 eng d aAmbagudiya, Jagannath aTribal rights, dispossession and the state in Orissa c2010 ap.60-67. a14 Aug aTribes aEconomic and Political Weekly